|
|
|
|
| LEADER |
01115nam a2200277 a 4500 |
| 001 |
12687364 |
| 008 |
090804s2002 nyua b 000 0 eng d |
| 010 |
|
|
|a \\2002025074
|
| 020 |
|
|
|a 0393976556
|
| 040 |
|
|
|a DLC
|c DLC
|d DLC
|
| 082 |
0 |
0 |
|a 822/.308
|2 21
|
| 245 |
0 |
0 |
|a English Renaissance drama :
|b a Norton anthology /
|c David Bevington, general editor ; Lars Engle, Katharine Eisaman Maus, Eric Rasmussen, [editors].
|
| 250 |
|
|
|a 1st ed.
|
| 260 |
|
|
|a New York :
|b W.W. Norton,
|c c2002.
|
| 300 |
|
|
|a lx, 1997 p. :
|b ill., maps ;
|c 25 cm.
|
| 504 |
|
|
|a Includes bibliographical references (p. 1977-1997)
|
| 541 |
1 |
|
|e 00015732
|
| 650 |
|
0 |
|a English drama
|y Early modern and Elizabethan, 1500-1600.
|
| 650 |
|
0 |
|a English drama
|y 17th century.
|
| 700 |
1 |
|
|a Bevington, David M.
|
| 700 |
1 |
|
|a Engle, Lars.
|
| 700 |
1 |
|
|a Maus, Katharine Eisaman,
|d 1955-
|
| 700 |
1 |
|
|a Rasmussen, Eric,
|d 1960-
|
| 852 |
4 |
|
|a Ayesha Abed Library
|j General shelf
|
| 999 |
|
|
|c 3691
|d 3691
|
| 952 |
|
|
|0 0
|1 0
|2 ddc
|4 0
|6 822_308000000000000_ENG
|7 0
|9 3353
|a BRACUL
|b BRACUL
|c GEN
|d 2009-09-03
|l 5
|m 26
|o 822.308 ENG
|p 3010015732
|r 2024-09-18
|s 2024-05-21
|t 1
|w 2009-09-03
|y BK
|